000 01384nam a2200313 a 4500
001 BRCA_3060
005 20190320204106.0
008 260109s1799----fr-a---###---#000-0#fre-u
041 _afre
044 _afr
084 _a368
_b.D538
_c1799
100 1 _aCervantes Saavedra, Miguel de
_d1547-1616
_9213
245 1 0 _aDon Quichotte de la Manche
_cMiguel de Cervantes Saavedra ; Traduit de L´Espagnol par Florian.
260 _aParís
_bPierre Didot
_c1799
300 _a6 v.
_bil.
_c14 cm.
500 _aContenido : v 1. Primera parte Advertencia del traductor. Prólogo del autor. Texto. -- v 2. Texto. -- v 3. Texto. -- v 4. Segunda parte. Prefacio del traductor. Prólogo del autor. Texto. -- v 5. Texto. -- v 6. Texto
500 _aEdición : Ouvrage Posthume. Avec Figures
500 _aEdición igual al LO-367, pero sin láminas intercaladas. Piel; lomeras adornadas con dorados Lúdovik Osterc
500 _aQMR111
546 _aTexto en : francés
650 1 4 _aNovela española
_yÉpoca clásica, 1500-1700
_9215
650 1 4 _aLiteratura española
_yÉpoca clásica, 1500-1700
_9216
650 1 4 _aNovela española
_ySiglo XVII
_9217
650 1 4 _aDon Quijote (Personaje ficticio)
_eNovela
_9218
700 1 _aFlorian, Jean-Pierre Claris de
_d1755-1794
_eTraductor
_98381
740 0 _aEl Ingenioso Hidalgo Don Quijote de la Mancha
902 _aQFM
942 _2lcc
_cB
999 _c2796
_d2796